000 00240 a2200097 4500
001 59143
100 _a
245 _aHazrat Yosha (A.S); qasas-ul ambia for childrens
260 _aKaracahi
_bChildren Books Pub
_c2007
090 _c36215
_d36215
942 _aNUST-CAE
_c
_c29131
999 _c294216
_d294216